000 00360pab a2200157 454500
008 180718b2007 xxu||||| |||| 00| 0 eng d
100 _aDas, Biren
245 _aExamination reforms: marking vs grading
260 _c2007
300 _ap.19-21.
362 _a26 Mar
650 _aExaminations
773 _aUniversity News
908 _aN
909 _a73544
999 _c73544
_d73544